Saltar al contenido
Inicio
Centros participantes
Catálogo
Servicios
Contacto
כניסה לחשבון
English
Deutsch
Español
Français
Italiano
日本語
Nederlands
Português
Português (Brasil)
中文(简体)
中文(繁體)
Türkçe
עברית
Gaeilge
Cymraeg
Ελληνικά
Català
Euskara
Русский
Čeština
Suomi
Svenska
polski
Dansk
slovenščina
اللغة العربية
বাংলা
Galego
Tiếng Việt
Hrvatski
हिंदी
Հայերէն
Українська
Sámegiella
שפה
כל השדות
כותר
מחבר
נושא
סימן המיקום
ISBN/ISSN
תג
מצא
מתקדם
Utilizacion de CDMA para brind...
יצירת מראה מקום
שלח את זה
הדפסה
יצוא רשומה
יצוא אל RefWorks
יצוא אל EndNoteWeb
יצוא אל EndNote
הוספה למועדפים
Enlace Permanente
Export byl úspěšný —
Agregar primera valuación
Utilizacion de CDMA para brindar servicios inalambricos fijos
שמור ב:
מידע ביבליוגרפי
מחבר ראשי:
Barrantes Chaves, Mario
פורמט:
Tesis
ספר
שפה:
Undetermined
יצא לאור:
2003
נושאים:
>
>
>
>
CDMA
תגים:
הוספת תג
אין תגיות, היה/י הראשונ/ה לתייג את הרשומה!
מלאי ספרים
תיאור
הערות
פריטים דומים
תצוגת צוות
MARC
LEADER
00000nam a2200000Ia 4500
001
9181
008
140114s9999 xx 000 0 und d
100
|a
Barrantes Chaves, Mario
245
|a
Utilizacion de CDMA para brindar servicios inalambricos fijos
260
|c
2003
500
|a
NULL
502
|a
Escuela de ingenieria Electrica
650
|z
CDMA
999
|c
12622
|d
12622
פריטים דומים
Utilización de CDMA para brindar servicios inalámbricos fijos
מאת: Barrantes Chaves, Mario
יצא לאור: (2003)
Comparación de las tecnologías de comunicación inalámbrica de tercera generación CDMA2000 y W-CDMA
מאת: Jiménez Cortés, Fabiola
יצא לאור: (2003)
Normativa y definición de procedimientos para matenimiento e instalación de servicios inalámbricos
מאת: Guerrero Arias, Alonso
יצא לאור: (1998)
Análisis de viabilidad para brindar servicios de videoconferencia con la plataforma existente de RACSA
מאת: Bonilla Pérez, David Alberto
יצא לאור: (2006)
Diseño de una plataforma para brindar servicios de valor agregado móvil: caso del Servicio de Ring Back Tones
מאת: Aguilar Romero, Sergio
יצא לאור: (2010)